000 00446nam a2200157 i 4500
001 78011
003 ES-MaACL
005 20230906173509.0
007 t|
008 041008s1932 fr ||||1| ger d
100 1 _aGuttry, A. von.
_961255
245 1 0 _aPolens Geistiges Antlitz
_b: Eine kulturhistorische skizze /
_cA. v. Guttry.
260 _aParis :
_bGebethner & Wolff,
_c[1932?]
300 _a90 p. ;
_c19 cm.
852 _aES-MaACL
_j1775-F-2
999 _c78011
_d78011